[Event "Kings Tournament ROMGAZ 2018-B"]
[Site "Bucharest"]
[Date "2018.11.21"]
[Round "1"]
[White "Parligras, Mircea-Emilian"]
[Black "Istratescu, Andrei"]
[Result "0-1"]
[WhiteElo "2645"]
[BlackElo "2565"]
[Annotator "TA"]
[PlyCount "56"]
[EventDate "2018.11.21"]
[EventCountry "ROU"]
[SourceTitle "playchess.com"]
[Source "ChessBase"]
[SourceQuality "1"]

{[%evp 9,56,20,50,31,38,24,33,31,53,47,48,39,52,29,64,62,64,58,59,65,241,225,221,-1685,359,-1970,-585,-1316,-1256,-2111,203,-2086,194,-2124,250,-1485,-126,-1704,609,-1650,1785,-131,-148,-338,434,-323,637,-29974,933]} 1. d4 Nf6 2. c4 e6 3. Nf3 Bb4+ 4. Bd2 Qe7 5. g3 Nc6 6. e3 {E11: Bogo-Indian} (6. Nc3 Bxc3 7. Bxc3 Ne4 8. Qc2 Nxc3 9. Qxc3 Qb4 10. Rc1 Qxc3+ 11. Rxc3 b6 12. Bg2 Bb7 13. Ne5 Nd8 14. Bxb7 Nxb7 15. e4 c5 16. d5 Nd6 17. f3 f6 18. Nd3 exd5 19. cxd5 {½-½ (43) Le,Q (2739)-Anand,V (2783) Saint Louis 2017}) 6... Bxd2+ 7. Qxd2 d6 8. Nc3 {White is slightly better.} b6 $146 ({Predecessor:} 8... e5 9. Nd5 Nxd5 10. cxd5 Qf6 11. Bg2 e4 12. Ng1 Ne7 13. Bxe4 Bf5 {1-0 (62) Askerov,M (2301)-Kiselev,P (2318) St Petersburg 2017}) 9. Bg2 {Threatens to win with Ne5.} Bb7 10. O-O Na5 11. Qd3 c5 12. d5 e5 {Strongly threatening ...e4.} 13. Nh4 Bc8 14. Rae1 $36 {[%mdl 2048] White has the initiative.} g5 $2 {[#]} ({Black should play} 14... O-O $14) 15. Nf5 $1 $18 {[%cal Rf5e7]} Bxf5 16. f4 $4 {[%mdl 8192]} (16. Qxf5 $18 Nxc4 17. f4) 16... gxf4 $4 {[%mdl 8192]} (16... Bxd3 $19 17. fxg5 Ng4) 17. gxf4 $4 {[%mdl 8192]} (17. Qxf5 $18 fxg3 18. Qxf6 Qxf6 19. Rxf6 gxh2+ 20. Kxh2) 17... e4 18. Nxe4 Nxe4 19. Qxe4 a6 $4 {[%mdl 8192]} (19... Bxe4 $19 20. Rf2 Nxc4) 20. Kh1 $4 {[%mdl 8192]} (20. Qxf5 $18 Qd7 21. Qc2) 20... b5 $4 {[%mdl 8192]} (20... Bxe4 $19 {and all is fine.} 21. Rg1 Nxc4) 21. Rg1 $4 {[%mdl 8192]} (21. Qxf5 $18 f6 22. cxb5) 21... bxc4 $4 {[%mdl 8192]} (21... Bxe4 $19 22. cxb5 axb5) 22. Qd4 $4 {[%mdl 8192]} (22. Qxf5 $18 Kd8 23. e4) 22... f6 $2 (22... cxd4 $19 {and Black stays clearly on top.} 23. exd4 Rb8) 23. Qxf6 $2 {[%mdl 8192]} (23. Qc3 $17 Nb7 24. e4) 23... Nb7 $4 {[%mdl 8192]} (23... Qxf6 $19 24. e4 Bg6) 24. a4 $4 {[%mdl 8192]} (24. Qxh8+ $18 Qf8 25. Qc3) 24... Qe5 $4 {[%mdl 8192]} (24... Qxf6 $19 25. e4 Bc8) 25. Qxe5+ $2 (25. fxe5 $18 Rf8 26. Qg5) 25... dxe5 $17 26. d6 $2 (26. fxe5 $17 Rb8 27. Ref1) 26... Be4 $4 {[%mdl 8192] [#]} (26... O-O-O $19 {and life is good for Black. Hoping for ...exf4.} 27. fxe5 Rhe8 28. Bxb7+ Kxb7) 27. a5 $4 {[%mdl 8192]} ({Resist} 27. Bxe4 O-O-O $18) (27. d7+ $1 $18 {[%mdl 512]} Kxd7 28. Bxe4) 27... Bd5 $4 {[%mdl 8192]} (27... Nxd6 $19 28. fxe5 Bxg2+ 29. Rxg2 Nf7) 28. Be4 $4 {[%mdl 8192]} (28. Bxd5 $18 O-O-O 29. fxe5) 28... Kf7 $4 {[%mdl 40960] Accuracy: White = 14%, Black = 12%. . Sensor Board Error (Ke4/e5)?} (28... Bxe4+ 29. Rg2 Rg8 {[%mdl 64] Pin} 30. Reg1 Nxd6 31. h4 exf4 32. exf4 Rxg2 33. Rxg2 Rb8 34. Kg1 Bxg2 35. Kxg2 Rxb2+ 36. Kf3 c3 37. Ke3 Nc4+ {[%mdl 64] Double Attack} 38. Ke4 c2 39. Kf5 c1=Q 40. Ke4 Qb1+ 41. Kf3 Qh1+ 42. Kg4 Qg2+ 43. Kh5 Qg6#) 0-1

[Event "Kings Tournament ROMGAZ 2018-B"]
[Site "Bucharest"]
[Date "2018.11.21"]
[Round "1"]
[White "Iordachescu, Viorel"]
[Black "Nisipeanu, Liviu-Dieter"]
[Result "0-1"]
[WhiteElo "2597"]
[BlackElo "2674"]
[Annotator "TA"]
[PlyCount "100"]
[EventDate "2018.11.21"]
[EventCountry "ROU"]
[SourceTitle "playchess.com"]
[Source "ChessBase"]
[SourceQuality "1"]

{[%evp 24,100,-50,-65,-29,-39,0,-56,-17,-68,-19,-41,-48,-55,-47,-35,-21,-24,-13,-22,-29,-59,-71,-54,-73,-60,-30,-30,-27,-23,-8,-13,-16,-37,-37,-37,-30,-30,-30,-30,-30,-30,-30,-34,-32,-26,-19,-63,0,0,0,0,0,0,0,-30,-9,-16,0,-201,-195,-498,-477,-459,-462,-922,-874,-29957,-29960,-29963,-29963,-1777,-1486,-29966,-29965,-8364,-7606,-2135,-1738]} 1. e4 c6 2. d4 d5 3. Nd2 dxe4 4. Nxe4 Bf5 5. Ng3 Bg6 6. Bc4 e6 7. N1e2 Nf6 8. h4 h6 9. Nf4 Bh7 10. c3 Nbd7 {B18: Classical Caro-Kann: 4...Bf5 sidelines} 11. Qf3 (11. O-O Nb6 12. Bb3 Bd6 13. Qf3 O-O 14. Re1 Nbd5 15. Nd3 a5 16. a3 a4 17. Ba2 b5 18. Bd2 {1-0 (37) Mamedov,R (2689)-Deac,B (2572) Minsk 2017}) 11... Bd6 12. Nfh5 O-O 13. Be3 {LiveBook: 4 Games} Bg6 14. O-O-O Bxg3 $146 (14... Nd5 {feels hotter.} 15. Ne4 Be7 16. Nf4 Bh7 17. Bd2 b5) ({Predecessor:} 14... Nd5 15. Bd2 N7f6 16. Nxf6+ Nxf6 17. Rde1 b5 18. h5 Bh7 {½-½ (65) Bonev,T (2267)-Kukov,V (2308) Plovdiv 2008}) 15. Nxg3 (15. Nxf6+ $11 Qxf6 16. fxg3) 15... b5 16. Bb3 (16. Bd3 $11) 16... a5 17. h5 (17. Qxc6 a4 $17) 17... Bh7 18. Bc2 Bxc2 19. Kxc2 Nb6 20. Ne4 Nxe4 21. Qxe4 b4 22. Rh3 ({Don't play} 22. Qxc6 bxc3 23. bxc3 Nd5 $17) 22... bxc3 23. Rg3 Kh8 24. bxc3 Qd5 (24... Qd7 {is interesting.} 25. Qf3 Nd5 26. Bc1 Rab8 27. Kd2 e5) 25. Qxd5 cxd5 26. Rb1 Nc4 {[#] Threatens to win with ...Na3+.} 27. Bc1 Rab8 28. Rxb8 Rxb8 $11 {[%mdl 4096] Endgame KRB-KRN} 29. Rf3 Kg8 30. Rg3 Kf8 31. Rh3 f6 32. g4 Kf7 33. Rh1 e5 34. dxe5 fxe5 35. f4 Ke6 (35... exf4 $15 36. Rd1 f3 37. Rxd5 Rb6) 36. fxe5 $1 Rf8 37. g5 Rf2+ 38. Kb1 hxg5 {[#] aiming for ...Rg2.} 39. Bxg5 Rb2+ 40. Ka1 Rc2 41. Bf6 $2 (41. Bf4 $11 {and White stays safe.}) 41... gxf6 $19 {KRN-KR} 42. h6 $2 (42. exf6 {nothing else works.} Rb2 43. h6) 42... Nxe5 43. h7 Nf7 ({Less strong is} 43... Ng6 44. Rg1 $17) 44. h8=Q (44. Rh3 $142 Nh8 45. Kb1) 44... Nxh8 45. Rxh8 Rxc3 {KR-KR} 46. Kb2 Rc5 47. Re8+ Kf5 48. Kb3 Kg4 49. Rg8+ Kf4 50. Rf8 f5 {Accuracy: White = 36%, Black = 48%.} 0-1

[Event "Kings Tournament ROMGAZ 2018-B"]
[Site "Bucharest"]
[Date "2018.11.21"]
[Round "1"]
[White "Bulmaga, Irina"]
[Black "Paulet, Iozefina"]
[Result "1-0"]
[WhiteElo "2386"]
[BlackElo "2281"]
[Annotator "TA"]
[PlyCount "100"]
[EventDate "2018.11.21"]
[EventCountry "ROU"]
[SourceTitle "playchess.com"]
[Source "ChessBase"]
[SourceQuality "1"]

{[%evp 18,100,-3,-1,-3,-22,0,0,0,-10,0,0,-19,-40,-27,-58,-25,-31,0,-85,-50,-86,-41,-40,-14,-89,-31,-122,-118,-458,-27,-25,-24,-31,0,-106,-74,-184,-190,-193,-159,-147,-93,-92,-35,-192,-7,-25,142,135,251,233,226,202,241,237,243,256,107,0,0,-156,-111,-206,-198,-211,-254,-289,-281,-480,-414,-391,29981,29982,29982,29983,29979,29981,29947,175,29994,175,29995,29976,29996]} 1. e4 e6 2. d4 d5 3. Nc3 dxe4 4. Nxe4 Nd7 5. Nf3 Ngf6 6. Bg5 Be7 7. Bxf6 Nxf6 8. Bd3 O-O 9. Qd2 Nxe4 10. Bxe4 c5 {C13: French: Classical System: 4 Bg5 Be7, Alekhine-Chatard Attack} 11. O-O-O cxd4 12. Kb1 Qc7 $146 {The position is equal.} ({Predecessor:} 12... Qb6 13. h4 f5 14. Bd3 Bb4 15. Qc1 a5 16. Ka1 a4 17. a3 Be7 18. g4 fxg4 {½-½ (43) Ciuksyte,D (2095)-Dambravaite,A (2145) Vilkaviskis 1994}) 13. Qxd4 Rd8 14. Qe3 Bd7 15. h4 Bc6 16. Ng5 Bxe4 17. Qxe4 g6 18. Nf3 (18. Qf3 $11 Rxd1+ 19. Rxd1) 18... Rxd1+ $17 19. Rxd1 Bf6 $40 {[%mdl 128] Black mounts an attack.} (19... Rd8 {looks sharper.} 20. Rh1 h5 21. Qe2 Bf6 22. c3 Qa5) 20. c3 Qb6 21. Nd4 (21. Qe3 $11) 21... Rc8 (21... Rd8 $17 22. f4 Bxh4) 22. Qe3 (22. Qf3 $15 e5 23. Nb3) 22... Rd8 {White must now prevent ...e5.} 23. h5 $2 {[%mdl 8192]} (23. Rh1 $17) 23... Bxd4 $2 ({Black should try} 23... e5 $19 24. hxg6 hxg6) 24. cxd4 $19 {[%mdl 4096] Endgame KQR-KQR} Rd5 25. h6 Qd8 26. f4 (26. Rc1 $11 {keeps the balance.}) 26... Qh4 27. a3 (27. f5 $17 gxf5 28. Rc1) 27... Qxh6 28. Rc1 Qf8 29. Rc7 Qd8 (29... Qd6 $142 30. Rxb7 Rxd4 31. Rxa7 Rxf4) 30. Rxb7 $17 Rxd4 (30... a5 $17 31. g3 h5) 31. Qb3 $2 (31. Qe5 $1 $15 Rd6 32. Rxa7) 31... Rd1+ $2 ({Don't go for} 31... Rxf4 $2 32. Rb8 $18) (31... Qa5 $19 32. g3 Qf5+ 33. Ka2 Rd3) 32. Ka2 $11 {Strongly threatening Rb8.} Qd5 $2 ({Black should play} 32... Qd6 $11) 33. Qxd5 $16 exd5 (33... Rxd5 $16 34. Rxa7 Kg7) 34. Rxa7 {KR-KR} Rd2 35. Rd7 Rxg2 36. a4 $1 Rf2 37. a5 Rxf4 {Hoping for ...Ra4+.} 38. Ka3 (38. b3 $1 $16 Rf2+ 39. Ka3) 38... Rf1 $1 $11 {[%cal Rf1a1]} 39. Kb4 $2 (39. b4 $11 Ra1+ 40. Kb3) 39... Ra1 $17 40. Kb5 (40. Rxd5 $17 h5 41. Kb5) 40... h5 $1 $19 {[%cal Bh7h5,Bh5h4][%mdl 32] And now ...h4 would win.} 41. Rxd5 h4 42. Rd3 {[#]} g5 $1 {[%cal Bg6g5,Bg5g4][%mdl 32] ...g4 is the strong threat.} 43. a6 $2 (43. Rh3 Kg7 44. a6) 43... g4 44. Ra3 Rb1 $4 {[%mdl 8192]} (44... Rd1 $19 45. a7 Rd8) 45. a7 Rxb2+ 46. Kc4 Rc2+ 47. Kd3 Rc8 {[#]} 48. a8=Q $2 (48. Rb3 $1 Rd8+ 49. Ke3 Re8+ 50. Kf4 Kf8 51. Rb8 g3 52. a8=Q Rxb8 53. Qxb8+ Ke7 54. Qc7+ Kf6 55. Qe5+ Kg6 56. Qg5+ {[%mdl 64] Double Attack} Kh7 57. Kf5) 48... Kg7 $2 (48... Rxa8 $18 49. Rxa8+ Kh7) 49. Ke4 $2 (49. Qxc8 {mates} h3 50. Qxg4+ {[%mdl 64] Double Attack} Kf8 51. Ra7 h2 52. Qh5 {[%mdl 64] Double Attack} Kg8 53. Qxf7+ Kh8 54. Qh7#) 49... Kg6 $2 (49... Rxa8 $18 50. Rxa8 h3) 50. Kf4 f5 {Accuracy: White = 26%, Black = 35%.} 1-0

[Event "Kings Tournament ROMGAZ 2018-B"]
[Site "Bucharest"]
[Date "2018.11.21"]
[Round "1"]
[White "Foisor, Sabina-Francesca"]
[Black "L'Ami, Alina"]
[Result "0-1"]
[WhiteElo "2264"]
[BlackElo "2285"]
[Annotator "TA"]
[PlyCount "99"]
[EventDate "2018.11.21"]
[EventCountry "ROU"]
[SourceTitle "playchess.com"]
[Source "ChessBase"]
[SourceQuality "1"]

{[%evp 20,99,14,19,43,22,22,12,10,12,52,10,41,15,39,0,33,16,23,22,60,42,145,-24,0,0,0,0,0,0,0,-30,-14,-42,-28,-51,-48,-110,-91,-104,-100,-177,-176,-188,351,-264,-93,-917,617,-278,-252,-525,-125,-386,-237,-606,-601,-563,-242,-692,1399,-628,-601,-602,-538,-591,-332,-2025,612,-1401,795,-1760,-199,-565,415,-1291,-1166,-1118,-822,-1474,-1389,-29995]} 1. d4 Nf6 2. c4 g6 3. g3 Bg7 4. Bg2 O-O 5. Nc3 d6 6. Nf3 c6 7. O-O Bf5 8. Re1 Ne4 9. Nxe4 Bxe4 10. Bh3 {E62: King's Indian: Fianchetto: 6...c6 and Panno Variation (6...Nc6) without ...a6} Bxf3 (10... d5 11. Ng5 Na6 12. a3 e6 13. b4 Bf5 14. Bxf5 exf5 15. c5 Nc7 16. Bf4 Nb5 17. Nf3 Nc3 {½-½ (62) Georgiadis,N (2473)-Caruana,F (2813) Germany 2016}) 11. exf3 {LiveBook: 10 Games} d5 12. Bg5 {White is slightly better.} Re8 $1 13. c5 $146 ({Predecessor:} 13. Qb3 Qb6 14. Bxe7 Qxb3 15. axb3 dxc4 16. bxc4 Bxd4 17. c5 Bxb2 {½-½ (31) Moroni,L (2558)-Gaehwiler,G (2429) Bad Ragaz 2018}) 13... Nd7 14. Qd2 Nf6 15. Rac1 Nh5 16. Bh6 Bh8 17. Bg5 Qc7 18. g4 Ng7 19. Bf4 Qd8 20. Bg3 Ne6 {[#]} ({Better is} 20... Qd7 $14) 21. Be5 $2 ({Only move:} 21. Rxe6 $1 $16 {Black must now prevent Ree1.} fxe6 22. g5) 21... f6 22. Bg3 Ng5 23. Bg2 Nf7 24. f4 Qd7 25. h3 e5 26. Qd3 exd4 27. Qxd4 f5 28. Qd1 (28. Qb4 $15) 28... Bxb2 29. Rxe8+ Rxe8 30. Rc2 (30. Rb1 $17 Bf6 31. gxf5) 30... Bg7 $36 {[%mdl 2048] Black is in control.} 31. Re2 Bd4 $4 {[%mdl 8192] [#]} (31... Rxe2 $19 32. Qxe2 Bf8 33. gxf5 Qxf5) 32. Kh2 $4 {[%mdl 8192]} (32. Rxe8+ $18 {is the narrow road to win.} Qxe8 33. Qxd4) 32... Bxc5 $2 (32... Rxe2 $19 {has better winning chances.} 33. Qxe2 Bxc5) 33. Qb3 $2 {[%mdl 8192]} (33. Rxe8+ $17 Qxe8 34. gxf5) 33... Qc7 $4 {[%mdl 8192]} (33... Rxe2 $19 34. Bf3 Re1) 34. Rd2 $4 {[%mdl 8192]} (34. Rxe8+ $18 {was the only winning move.} Bf8 35. Qa3) 34... Bd6 {Hoping for ...g5.} 35. Qb2 $2 (35. gxf5 gxf5 36. Qd3) 35... d4 $2 (35... g5 $19 36. Bf3 gxf4) 36. Bf1 $2 {[%mdl 8192]} (36. Qxd4 $17 g5 37. Bf3) 36... Bxf4 37. Bxf4 $2 (37. Rxd4 Bxg3+ 38. fxg3) 37... Qxf4+ 38. Kg2 Qg5 (38... fxg4 $142 39. Rxd4 Qf3+ 40. Kg1 gxh3) 39. Kh1 $2 (39. Rxd4 fxg4 40. hxg4) 39... Qe3 $4 {[%mdl 8192]} (39... fxg4 $19 40. Rd1 Qf5 41. Qxd4 gxh3) 40. Bg2 $4 {[%mdl 8192]} (40. fxe3 $18 b6 41. gxf5) 40... Qe1+ 41. Kh2 Qe5+ 42. Kh1 Re7 43. Re2 $2 (43. Qxd4 fxg4 44. hxg4) 43... Qb5 $4 {[%mdl 8192]} (43... Qxe2 $19 44. Qxd4 fxg4 45. hxg4 Ne5) 44. Qd2 $4 {[%mdl 8192]} (44. Qxb5 $18 cxb5 45. Rxe7) 44... f4 $4 {[%mdl 8192]} (44... Qxe2 $19 45. Qxd4 fxg4 46. hxg4 Qe1+ 47. Kh2 Re2) 45. Re4 $4 {[%mdl 8192]} (45. Rxe7 $18 f3 46. Bxf3) 45... Qc5 $2 (45... Qb1+ 46. Kh2 Rxe4 47. Bxe4 Qxe4) 46. Kh2 $2 (46. Rxd4 Re2 47. Rd8+ Nxd8 48. Qxe2) 46... Qc3 $4 {[%mdl 8192]} (46... Rxe4 $19 {and life is good for Black.} 47. Bxe4 Ng5) 47. Qe2 $4 {[%mdl 8192]} (47. Qxc3 $18 dxc3 48. Rxe7) 47... d3 {[%cal Bd4d3,Bd3d2][%mdl 32] Black is clearly winning.} 48. Qd1 Qc2 49. Qe1 d2 50. Re5 {Precision: White =  9%, Black = 17%.} 0-1

[Event "Kings Tournament ROMGAZ 2018-B"]
[Site "Bucharest"]
[Date "2018.11.21"]
[Round "2"]
[White "Parligras, Mircea-Emilian"]
[Black "Iordachescu, Viorel"]
[Result "0-1"]
[WhiteElo "2645"]
[BlackElo "2597"]
[Annotator "TA"]
[PlyCount "98"]
[EventDate "2018.11.21"]
[EventCountry "ROU"]
[SourceTitle "playchess.com"]
[Source "ChessBase"]
[SourceQuality "1"]

{[%evp 15,98,68,72,73,57,63,78,67,64,46,65,68,115,-50,0,-108,-119,-104,-117,-254,-27,-29,-41,-16,-8,-33,-21,-12,-13,-19,-18,-63,0,-39,-14,-130,-125,-160,-157,-270,-262,-260,-281,-230,-204,-192,-138,-146,-133,-120,-116,-192,-160,-191,-142,-440,-266,-523,-520,-520,-496,-510,-504,-489,-468,-487,-472,-656,-667,-692,-655,-714,-689,-772,-768,-6053,-830,-816,-807,-776,-738,-818,-797,-29978,-29979]} 1. d4 Nf6 2. c4 g6 3. Nc3 Bg7 4. e4 d6 5. h3 {[%cal Bh2h3,Bh3h4][%mdl 32]} O-O 6. Be3 a6 {E71: King's Indian: 4 e4 d6 5 h3} (6... Na6 7. g4 c6 8. Nge2 Nc7 9. Ng3 b5 10. cxb5 cxb5 11. Bg2 e5 12. dxe5 dxe5 13. Qxd8 Rxd8 14. O-O b4 {½-½ (39) Parligras,M (2623)-Grischuk,A (2769) Douglas 2018}) 7. Nf3 Nbd7 {[%cal Bb8d7,Bd7e5,Be5d3][%mdl 32]} 8. e5 Ne8 {[%cal Rd6e5] LiveBook: 3 Games. White is slightly better.} 9. h4 $146 ({Predecessor:} 9. Be2 c6 10. O-O b5 11. c5 dxe5 12. dxe5 Nc7 13. Nd4 Nxe5 14. f4 Nc4 15. Bxc4 bxc4 16. Nxc6 Qe8 17. Na5 Bxc3 18. bxc3 Qb5 {0-1 (34) Dziuba,M (2511)-Gdanski,J (2532) Ustron 2006}) 9... c5 10. e6 $1 {[%cal Re6d7]} fxe6 11. h5 cxd4 12. Nxd4 Ne5 13. hxg6 hxg6 14. Bd3 $2 (14. f4 $16 Nc6 15. Nxc6 bxc6 16. Bd3) 14... Nf6 15. Qc2 (15. Nf3 $11 {remains equal.}) 15... Nxd3+ $17 16. Qxd3 e5 17. Qxg6 (17. Nf3 $17) 17... Qe8 $2 (17... exd4 $19 18. Bxd4 Qd7) 18. Qxe8 $11 Rxe8 19. Nf3 Bf5 20. c5 Rac8 21. cxd6 exd6 {Black wants to play ...d5.} 22. Rd1 Rc6 23. Bh6 Bh8 (23... Bxh6 $15 24. Rxh6 {[#]} d5 $1 {[%mdl 512]}) 24. Nh4 Bh7 (24... Bc2 $5 {[%cal Rc2d1]} 25. Rd2 Bh7 $15) 25. Rh3 {[#]} (25. Nf3 $11) 25... d5 $1 $17 {[%cal Bd6d5,Bd5d4][%mdl 544]} 26. Rg3+ (26. Nxd5 Nxd5) 26... Kf7 27. Bg5 (27. Rf3 $17) 27... d4 $19 28. Ne2 Ne4 29. Rf3+ Kg8 30. Bc1 Rec8 (30... Nd6 $19 {aiming for ...Bc2.} 31. Kf1 Bg7) 31. Nf5 $17 Bxf5 32. Rxf5 Rc2 33. a4 (33. g4 $17 {is a better defense.}) 33... Bg7 $36 {[%mdl 2048] Black is really pushing.} 34. a5 R8c6 35. b4 $2 {[%mdl 8192]} (35. g4 $17) 35... R6c4 36. f4 $2 {[#]} (36. g4 {might work better.}) 36... Rxe2+ $1 $19 {[%mdl 576] Remove Defender, Decoy} 37. Kxe2 {Hoping for Kd3.} Ng3+ {[%mdl 64] Double Attack} 38. Kf3 Nxf5 39. fxe5 Ne7 40. Ke4 Nc6 41. Kd5 Rxb4 42. e6 Rb5+ 43. Kd6 Bf8+ 44. Kd7 Rxa5 45. Rd3 Rd5+ 46. Kc7 Ne5 47. Rg3+ Kh7 48. Bf4 Ng6 49. Bd2 Bd6+ {[%mdl 64] Double Attack. Accuracy: White = 26%, Black = 45%.} 0-1

[Event "Kings Tournament ROMGAZ 2018-B"]
[Site "Bucharest"]
[Date "2018.11.21"]
[Round "2"]
[White "Istratescu, Andrei"]
[Black "Nisipeanu, Liviu-Dieter"]
[Result "1-0"]
[WhiteElo "2565"]
[BlackElo "2674"]
[Annotator "TA"]
[PlyCount "67"]
[EventDate "2018.11.21"]
[EventCountry "ROU"]
[SourceTitle "playchess.com"]
[Source "ChessBase"]
[SourceQuality "1"]

{[%evp 17,67,-19,9,0,0,6,20,25,45,47,31,31,81,33,43,53,56,20,11,0,270,284,284,284,268,279,268,275,261,237,304,279,276,252,253,226,218,122,289,289,436,421,686,685,677,677,782,657,644,621,684,669]} 1. Nf3 d5 2. d4 Nf6 3. c4 e6 4. g3 Be7 5. Bg2 O-O 6. O-O dxc4 7. Qc2 b5 8. a4 {E05: Open Catalan: 5 Nf3 Be7} b4 9. Qxc4 (9. Ne5 Qxd4 10. Nxc4 c6 11. Rd1 Qc5 12. Be3 Qh5 13. Nbd2 Ng4 14. Nf1 Nxe3 15. Nfxe3 a5 {½-½ (82) Vachier Lagrave,M (2789)-Nakamura,H (2769) Paris 2018}) 9... Bb7 {LiveBook: 5 Games} 10. Bg5 {The position is equal.} Nbd7 11. Nbd2 {[%cal Bb1d2,Bd2f3,Bf3d4][%mdl 32]} c5 $146 ({Predecessor:} 11... a5 12. Qc2 h6 13. Bxf6 Nxf6 14. Nb3 Be4 15. Qc1 Ra6 {½-½ (73) Turan,A (2041)-Sahidi,S (2300) Bad Blankenburg 2018}) 12. dxc5 {Strongly threatening c6.} Nxc5 13. Bxf6 gxf6 14. Qxb4 Rb8 15. Qf4 Bxf3 16. Nxf3 ({Much weaker is} 16. exf3 Nd3 $15) 16... Rxb2 17. Nd4 {Nc6 is the strong threat.} Rb4 $1 {[%cal Rb4d4]} 18. Rfd1 Rxa4 $2 {[%mdl 8192]} (18... e5 $11 {and Black stays safe.} 19. Nc6 exf4 20. Rxd8 Rxd8 21. Nxb4 Nb3) 19. Rxa4 $18 Nxa4 20. Rd3 Nc5 {[#]} 21. Nxe6 $1 {[%mdl 512]} fxe6 (21... Nxe6 22. Qg4+) 22. Rxd8 Rxd8 23. Bf3 a5 24. Bc6 Kf7 25. Qc4 Rb8 26. Qc2 Kg7 {[#]} 27. h4 (27. Qc3 $1 $18) 27... a4 $2 (27... Rb6 $16) 28. Bxa4 Nxa4 (28... Rb4 {was worth a try.}) 29. Qxa4 {KQ-KRB. White is clearly winning.} Rb7 (29... Rd8 $142 30. Kg2 Kf7) 30. Qc6 Rb1+ 31. Kg2 e5 32. Qe6 Rb7 33. g4 h6 34. h5 {Accuracy: White = 61%, Black = 33%.} 1-0

[Event "Kings Tournament ROMGAZ 2018-B"]
[Site "Bucharest"]
[Date "2018.11.21"]
[Round "2"]
[White "Bulmaga, Irina"]
[Black "Foisor, Sabina-Francesca"]
[Result "1-0"]
[WhiteElo "2386"]
[BlackElo "2264"]
[Annotator "TA"]
[PlyCount "95"]
[EventDate "2018.11.21"]
[EventCountry "ROU"]
[SourceTitle "playchess.com"]
[Source "ChessBase"]
[SourceQuality "1"]

{[%evp 16,95,39,22,27,21,58,54,77,-36,-14,-16,65,65,67,52,63,61,176,175,222,120,198,83,244,251,255,236,244,245,239,225,225,219,267,258,267,278,260,278,268,235,232,230,287,264,304,313,410,372,483,409,443,442,507,504,538,435,368,306,649,656,632,627,622,632,633,626,983,955,915,724,29979,29980,29975,29976,6175,1364,29984,395,403,12]} 1. e4 c6 2. d4 d5 3. e5 Bf5 4. Nf3 e6 5. Be2 h6 6. O-O Nd7 7. c3 Ne7 8. Nbd2 {B12: Caro-Kann: Advance Variation} g5 (8... c5 9. dxc5 Nxc5 10. Nd4 Nd7 11. Nxf5 Nxf5 12. Bd3 Ne7 13. Nf3 Nc6 14. Re1 Qc7 15. Qe2 g5 {0-1 (50) Karjakin,S (2773)-Mamedyarov,S (2801) Saint Louis 2018}) 9. Nb3 {LiveBook: 3 Games} Bg7 10. Ne1 {White has an edge.} Qc7 $146 ({Predecessor:} 10... Qb6 11. Nd3 O-O-O 12. a4 a6 13. Ra3 Bxd3 14. Bxd3 f6 15. exf6 Bxf6 {0-1 (36) Stubberud,O (2306)-Serntedakis,A (2040) Paleochora 2015}) 11. f4 c5 {[%cal Bc6c5,Bc5c4][%mdl 32]} 12. Nf3 ({Reject} 12. fxg5 $6 hxg5 13. Bxg5 c4 $11) ({White should try} 12. Bb5 $1 $16) 12... c4 $15 13. Nbd2 g4 (13... O-O-O $11) 14. Nh4 $14 h5 15. b3 cxb3 16. Nxb3 O-O (16... Bf8 $14) 17. Ba3 $18 Rfe8 18. Rc1 (18. Bxe7 $18 Rxe7 19. Nxf5 exf5 20. Qc2) 18... Nb6 {[#]} (18... Be4 $16) 19. Nd2 (19. Bxe7 $1 $18 {has better winning chances.} Rxe7 20. Nxf5 exf5 21. Qc2) 19... Ng6 $2 (19... Bh7 $16 {might work better.}) 20. Nxf5 exf5 21. Bd3 Qd7 22. Qc2 Qa4 23. Qxa4 ({Don't play} 23. Bxf5 $6 Qxa3 24. Bxg6 fxg6) 23... Nxa4 24. Bxf5 Bf8 25. Bxf8 Nxf8 26. c4 Nb6 27. c5 Nc8 28. Nb3 Ne7 29. Bd3 Nc6 30. f5 a5 31. a4 Rab8 32. Bb5 Re7 33. h3 f6 34. e6 Nh7 35. hxg4 hxg4 36. Rf4 Rg7 37. Be2 b6 $2 (37... Ng5 38. Nd2 g3) 38. cxb6 Rxb6 39. Bb5 Ne7 40. Nxa5 Ng5 41. Nc6 Rb7 42. Nxe7+ Rgxe7 43. Rxg4 Rec7 44. Rxc7 Rxc7 45. a5 Kf8 46. a6 Ra7 {[#]} 47. e7+ $2 (47. Rxg5 $1 {mates} fxg5 48. f6 Ra8 49. e7+ Kf7 50. e8=Q+ {[%mdl 64] Promotion} Rxe8 51. Bxe8+ Kxe8 52. a7) 47... Rxe7 48. a7 $2 {[%mdl 32768] Accuracy: White = 47%, Black = 19%. . Loss on time!?} (48. Rg3 $18) 1-0